000 01018nam a2200229Ia 4500
001 L262-19073
003 IT-CnALBA
008 170116s9999||||xx |||||||||||||| ||und||
040 _aIT-CnALBA
_cIT-CnALBA
041 _aPOLIGLOTTA
100 _aPIO XII, PAPA PACELLI EUGENIO.
245 0 _aDISCORSI E RADIOMESSAGGI DI SUA SANTITÀ PIO XII.
250 _a1a ed.
260 _aMILANO
_bVITA E PENSIERO. SOCIETÀ EDITRICE
_c1941 [1° Ed.:1941 - Ed.Ling.Originale: 1941]
300 _a543 p.
500 _aPRIMO ANNO DI PONTIFICATO: 1939 MARZO 1940. COMMEMORAZIONE DI PIO X. RADIOMESSAGGI. OMELIE. AGLI AMBASCIATORI. PELLEGRINAGGI ROMANI. SPOSI NOVELLI.
501 _aSocietà San Paolo EM - Piazza San Paolo, 14 - 12051 ALBA (CN) (non commercial uses only) ® Copyright 2017
520 _aPRIMO ANNO DI PONTIFICATO: 1939 MARZO 1940. COMMEMORAZIONE DI PIO X. RADIOMESSAGGI. OMELIE. AGLI AMBASCIATORI. PELLEGRINAGGI ROMANI. SPOSI NOVELLI.
650 _aECCLESIOLOGIA
942 _cBK
957 _71
999 _a23812
_bSI
_g Copie: 1
_c278194
_d278194